2024 250SX Riders - Statistiques

Statistiques générales
  • Ce quiz a été pris 2 fois
  • Le résultat moyen est 11 sur 30
Statistiques - réponses
Pays # Pilote % Correct
🇫🇷 100 Anthony Bourdon
100%
🇺🇸 38 Haiden Deegan
100%
🇯🇵 30 Jo Shimoda
100%
🇺🇸 929 Julien Beaumer
100%
🇺🇸 47 Levi Kitchen
100%
🇫🇷 16 Tom Vialle
100%
🇺🇸 63 Cameron McAdoo
50%
🇺🇸 69 Coty Schock
50%
🇺🇸 33 Jalek Swoll
50%
🇬🇧 37 Max Anstie
50%
🇺🇸 55 Mitchell Oldenburg
50%
🇺🇸 57 Nate Thrasher
50%
🇺🇸 511 Nicholas Romano
50%
🇺🇸 36 Phillip Nicoletti
50%
🇺🇸 39 Pierce Brown
50%
🇺🇸 24 R.J. Hampshire
50%
🇺🇸 41 Carson Mumford
0%
🇺🇸 48 Chance Hymas
0%
🇨🇦 71 Cole Thompson
0%
🇺🇸 59 Daxton Bennick
0%
🇺🇸 26 Garrett Marchbanks
0%
🇺🇸 65 Henry Miller
0%
🇺🇸 85 Hunter Yoder
0%
🇺🇸 6 Jeremy Martin
0%
🇺🇸 31 Jordon Smith
0%
🇺🇸 75 Marshal Weltin
0%
🇺🇸 128 Preston Boespflug
0%
🇺🇸 73 Robbie Wageman
0%
🇺🇸 34 Ryder di Francesco
0%
🇺🇸 43 Seth Hammaker
0%
Aucun quiz correspondant
Distribution des résultats
% des personnes avec chaque résultat
Percentile par nombre de réponses
Votre historique - résultats
Vous n’avez pas pris ce quiz